000 00777nam a2200217Ia 4500
001 2683
003 GE_BSU
008 181216s||||||||xx |||||||||||||| ||und||
020 _a9789941009631
040 _cGE_BSU
080 _a904(479.22)
245 _aსაქართველოს შუა საუკუნეების არქეოლოგიური ძეგლები.
245 _bრამინ რამიშვილი 80.
245 _c[მთ რედ. დავით მინდორაშვილი]
260 _aთბილისი
260 _c2008
300 _a153 გვ.
541 _h10 ლ.
653 _aსაქართველოს არქეოლოგიური ძეგლები;
942 _cBK
999 _c36746
_d36746